Algebra lineal /

Guardado en:
Autor Principal: Gentile, Enzo R.
Formato: Libro
Publicado: Buenos Aires : Docencia, 1981
Materias:
Etiquetas: Agregar Etiqueta
Sin Etiquetas, Sea el primero en etiquetar este registro!
LEADER 00834nam a22002175a 4500
001 CEM.cems002839
005 20060221000000.0
008 130507s1981##################000#0#####d
003 CEMS
082 0 4 |a 512.83 
100 1 |a Gentile, Enzo R. 
245 1 0 |a Algebra lineal /  |c Enzo R. Gentile 
260 |a Buenos Aires :  |b Docencia,  |c 1981 
300 |a 143 p. 
505 0 |a Definicion, igualdad y adicion de matrices; Multiplicacion y division de matrices; Vectores y ecuaciones lineales; Matrices especiales de particular interes; Mas acerca del algebra de matrices y vectores; Valores propios y vectores propios; Series infinitas de matrices 
653 |a Algebra 
653 |a Determinantes 
653 |a Espacios vectoriales 
653 |a Matematica 
653 |a Matrices 
859 |a CEMS  |b BIB. CEMS - 11 de abril  |h 512.83  |i G289  |p 12852.83  |t Ej.1